000 00586nam a2200205Ia 4500
005 20250923144823.0
008 008 250917s9999 xx 000 0 eng d
037 _aTextual
040 _aDSWL
_beng
_cDSWL
041 _aeng
_2eng
084 _aMYu231c.N5, K1
_qDSWL
100 _aNakhooda, Zulie
_9828757
245 0 _aLeisure and recreation in society
_cby Zulie Nakhooda
260 _aAllahabad
_bKitabmahal
_c1961
300 _axv,344,11p.
365 _aINR
_b18
925 _g18
942 _cTEXL
_hMYu231c.N5, K1
999 _c1443762
_d1443762